| 000 | 01025nam a22003011 4500 | ||
|---|---|---|---|
| 001 | 23641 | ||
| 003 | BD-RjUL | ||
| 005 | 20211209000944.0 | ||
| 008 | 140311s1957 nyua j 000 1 eng | ||
| 035 | _a(BD-RjUL)23706 | ||
| 040 |
_aDLC _cDLC _dDLC _dBD-RjUL _beng |
||
| 041 | 1 | _aengger | |
| 082 | 0 | 0 |
_a833.9 _bBAS 1957 |
| 100 | 1 |
_aBaumann, Hans, _d1914-1988. _972762 |
|
| 245 | 1 | 0 |
_aSons of the steppe : _bthe story of how the conqueror Genghis Khan was overcome / _cTranslated by Isabel and Florence McHugh |
| 260 |
_aNew York : _bH. Z. Walck, _cc1957. |
||
| 300 |
_a273 p. : _bill. ; _c23 cm. |
||
| 600 | 0 | 0 |
_aGenghis Khan, _d1162-1227 _xJuvenile fiction. _972772 |
| 600 | 0 | 0 |
_aKublai Khan, _d1216-1294 _xJuvenile fiction. _972773 |
| 600 | 0 | 1 |
_aGenghis Khan, _d1162-1227 _xFiction. _972774 |
| 600 | 0 | 1 |
_aKublai Khan, _d1216-1294 _xFiction. _972775 |
| 650 | 0 |
_aMongols _xJuvenile fiction. _972767 |
|
| 650 | 1 |
_aMongols _xFiction. _972768 |
|
| 942 |
_2ddc _cBK |
||
| 999 |
_c23641 _d23641 |
||